Like That - Babymonster (Lyrics) - Statistics

General Stats
  • This quiz has been taken 61 times
  • The average score is 354 of 472
Answer Stats
Lyrics % Correct
I
100%
i
100%
that
100%
Yo
98%
you
98%
You
98%
like
95%
baby
90%
Baby
90%
what
90%
If
88%
would
88%
Know
85%
know
85%
your
85%
it
83%
my
83%
My
83%
to
83%
To
83%
girls
80%
need
80%
The
80%
the
80%
all
78%
close
78%
come
78%
face
78%
mind
78%
some
78%
up
78%
be
76%
Be
76%
look
76%
say
76%
Say
76%
see
76%
Then
76%
way
76%
Cause
73%
go
73%
on
73%
those
73%
when
73%
And
71%
and
71%
But
71%
right
71%
back
68%
make
68%
Make
68%
never
68%
upon
68%
erase
66%
in
66%
In
66%
leave
66%
me
66%
sure
66%
cannot
63%
do
63%
give
63%
Something
63%
too
63%
it's
59%
show
59%
staring
59%
They
59%
at
56%
boy
56%
don't
56%
dreams
56%
have
56%
bet
54%
love
54%
run
54%
where
54%
better
51%
How
51%
keep
51%
might
51%
Might
51%
walk
51%
feel
49%
hear
49%
start
49%
than
49%
want
49%
let
46%
means
46%
wanna
46%
got
44%
Queen
44%
high
41%
running
41%
track
41%
ace
39%
blackjack
39%
standards
39%
we
39%
We
39%
thinking
34%
I'mma
32%
top
29%
much
27%
through
27%
arms
24%
rolling
24%
ain't
22%
eye
20%
nothing
20%
That's
20%
yeah
20%
calling
17%
nobody
17%
stepping
17%
fronting
15%
saying
12%
Ah
10%
ah
10%
stunting
7%
zoning
7%
No matching quizzes found
Score Distribution
Percent of People with Each Score
Percentile by Number Answered
Your Score History
You have not taken this quiz